[Event "Cordeiropolis Freitas Levy Memorial"]
[Site "Cordeiropolis"]
[Date "2015.05.23"]
[Round "4"]
[White "Caris, Eduardo"]
[Black "Carceliano, Victor Samuel B"]
[Result "1-0"]
[WhiteElo "1813"]
[BlackElo "1800"]
[PlyCount "49"]
[EventDate "2015.05.22"]
[EventType "swiss"]
[EventRounds "6"]
[EventCountry "BRA"]
[SourceTitle "CBM 166 Extra"]
[Source "ChessBase"]
[SourceDate "2015.06.18"]
[SourceVersion "1"]
[SourceVersionDate "2015.06.18"]
[SourceQuality "1"]

1. c4 e5 2. g3 Nf6 3. Bg2 Bc5 4. e3 d6 5. d3 Nc6 6. Ne2 0-0 7. 0-0 Be6 8. a3 a6 9. b4 Ba7 10. Nbc3 Qd7 11. Nd5 Bh3 12. Nxf6+ gxf6 13. Nc3 Bxg2 14. Kxg2 Ne7 15. Qf3 Qf5 16. Qxf5 Nxf5 17. Nd5 Kg7 18. Nxc7 Rac8 19. Nd5 Rfe8 20. Bb2 Ne7 21. Nc3 Red8 22. Rac1 d5 23. c5 d4 24. Ne4 dxe3 25. fxe3 1-0

[Event "Cordeiropolis Freitas Levy Memorial"]
[Site "Cordeiropolis"]
[Date "2015.05.22"]
[Round "1"]
[White "Pires, Marcos Vinicius Tor"]
[Black "Caris, Eduardo"]
[Result "1/2-1/2"]
[WhiteElo "2267"]
[BlackElo "1813"]
[PlyCount "81"]
[EventDate "2015.05.22"]
[EventType "swiss"]
[EventRounds "6"]
[EventCountry "BRA"]
[SourceTitle "CBM 166 Extra"]
[Source "ChessBase"]
[SourceDate "2015.06.18"]
[SourceVersion "1"]
[SourceVersionDate "2015.06.18"]
[SourceQuality "1"]

1. d4 d5 2. Nf3 Nf6 3. c4 c6 4. Qc2 g6 5. Bf4 Bf5 6. Qb3 Qb6 7. c5 Qxb3 8. axb3 Bg7 9. Nc3 0-0 10. b4 Ne4 11. e3 Nd7 12. b5 Nxc3 13. bxc3 Nxc5 14. Ra5 Nd3+ 15. Bxd3 Bxd3 16. bxc6 bxc6 17. Kd2 Bb5 18. Rha1 a6 19. Bc7 f6 20. Ne1 Rfc8 21. Bb6 e5 22. Bc5 Rab8 23. Nc2 Bc4 24. Nb4 Rb7 25. Kc1 Bf8 26. Bxf8 Kxf8 27. Nxa6 Bxa6 28. Rxa6 Ke7 29. Kc2 e4 30. Ra7 Rcc7 31. Ra8 Rb6 32. Rh8 Ke6 33. Rb1 Rbb7 34. f3 f5 35. Rb4 Ra7 36. f4 Ra2+ 37. Rb2 Ra1 38. Rb1 Ra2+ 39. Rb2 Ra1 40. Rb1 Ra2+ 41. Rb2 1/2-1/2

[Event "Sao Jose dos Campos op"]
[Site "Sao Jose dos Campos"]
[Date "2012.12.02"]
[Round "6"]
[White "Caris, Eduardo"]
[Black "Rodrigues, Edgar"]
[Result "0-1"]
[WhiteElo "1741"]
[BlackElo "2200"]
[PlyCount "54"]
[EventDate "2012.11.29"]
[EventType "swiss"]
[EventRounds "7"]
[EventCountry "BRA"]
[SourceTitle "EXT 2014"]
[Source "ChessBase"]
[SourceDate "2013.11.20"]
[SourceVersion "1"]
[SourceVersionDate "2013.11.20"]
[SourceQuality "1"]

1. d4 Nf6 2. Nc3 d5 3. Bg5 e6 4. Nf3 c5 5. e3 Nc6 6. Qd2 Bd7 7. Bd3 c4 8. Be2 Bb4 9. a3 Qa5 10. Rb1 Be7 11. Bxf6 Bxf6 12. 0-0 0-0 13. e4 dxe4 14. Nxe4 Qxd2 15. Nxf6+ gxf6 16. Nxd2 Nxd4 17. Bxc4 Nxc2 18. Ne4 Kg7 19. Rbc1 Nd4 20. Rcd1 e5 21. Bd5 Ba4 22. Rd3 Bb5 23. Rg3+ Kh8 24. Rh3 Ne2+ 25. Kh1 Nf4 26. Rh4 Bxf1 27. Nxf6 Kg7 0-1

[Event "Paulista-ch zt"]
[Site "Itapetininga"]
[Date "2012.10.14"]
[Round "6"]
[White "Queiroz, Alberto Becker"]
[Black "Caris, Eduardo"]
[Result "0-1"]
[WhiteElo "1958"]
[BlackElo "1741"]
[PlyCount "58"]
[EventDate "2012.10.12"]
[EventType "swiss"]
[EventRounds "6"]
[EventCountry "BRA"]
[SourceTitle "CBM 151 Extra"]
[Source "ChessBase"]
[SourceDate "2012.12.18"]
[SourceVersion "1"]
[SourceVersionDate "2012.12.18"]
[SourceQuality "1"]

1. e4 c6 2. Nc3 d5 3. Qf3 dxe4 4. Nxe4 Nf6 5. Nxf6+ exf6 6. Ne2 Bd6 7. d4 Be6 8. Nf4 Bxf4 9. Qxf4 Nd7 10. Qg3 g6 11. Bd3 Nb6 12. c3 Qd7 13. 0-0 Nd5 14. Bd2 h5 15. Rfe1 h4 16. Qf3 0-0-0 17. Qd1 g5 18. b4 g4 19. Qa4 g3 20. b5 gxh2+ 21. Kh1 Bh3 22. Bf1 Rdg8 23. gxh3 Qf5 24. Re8+ Rxe8 25. Bg2 Rhg8 26. Qxa7 Qxf2 27. Qa8+ Kc7 28. b6+ Nxb6 29. Bf4+ Qxf4 0-1

[Event "Pindamonhangaba op"]
[Site "Pindamonhangaba"]
[Date "2011.07.17"]
[Round "5"]
[White "Caris, Eduardo"]
[Black "Rodrigues, Regis Ramos"]
[Result "0-1"]
[WhiteElo "1740"]
[BlackElo "2050"]
[PlyCount "86"]
[EventDate "2011.07.15"]
[EventType "swiss"]
[EventRounds "5"]
[EventCountry "BRA"]
[SourceTitle "EXT 2014"]
[Source "ChessBase"]
[SourceDate "2013.11.20"]
[SourceVersion "1"]
[SourceVersionDate "2013.11.20"]
[SourceQuality "1"]

1. c4 e5 2. g3 g6 3. Bg2 Bg7 4. Nc3 Ne7 5. Nf3 0-0 6. d3 d5 7. cxd5 Nxd5 8. Nxd5 Qxd5 9. 0-0 Nc6 10. Qc2 Qd6 11. Bd2 Nd4 12. Nxd4 exd4 13. a3 a5 14. b4 Re8 15. Bf4 Be5 16. Bxe5 Qxe5 17. Rfe1 axb4 18. axb4 Rxa1 19. Rxa1 c6 20. Bf3 Bh3 21. Qc5 Qf6 22. b5 cxb5 23. Qxb5 Re7 24. Qd5 Qb6 25. Rc1 Qb2 26. Qc5 Re5 27. Qc2 Qxc2 28. Rxc2 Rb5 29. Rc1 Rb2 30. Bg2 Be6 31. e3 b5 32. exd4 b4 33. d5 Bd7 34. d6 b3 35. Bc6 Rc2 36. Bxd7 Rxc1+ 37. Kg2 b2 38. Be6 b1Q 39. d7 Qxd3 40. Bh3 f5 41. Bg4 fxg4 42. d8Q+ Qxd8 43. h3 Qd5+ 0-1

[Event "Pindamonhangaba op"]
[Site "Pindamonhangaba"]
[Date "2011.07.15"]
[Round "3"]
[White "Caris, Eduardo"]
[Black "Vargas, Gabriela"]
[Result "0-1"]
[WhiteElo "1740"]
[BlackElo "2086"]
[PlyCount "66"]
[EventDate "2011.07.15"]
[EventType "swiss"]
[EventRounds "5"]
[EventCountry "BRA"]
[SourceTitle "EXT 2014"]
[Source "ChessBase"]
[SourceDate "2013.11.20"]
[SourceVersion "1"]
[SourceVersionDate "2013.11.20"]
[SourceQuality "1"]

1. c4 e6 2. g3 d5 3. cxd5 exd5 4. d4 Nf6 5. Bg2 c6 6. Nf3 Bf5 7. Nc3 h6 8. a3 Bd6 9. b4 0-0 10. 0-0 Ne4 11. Bd2 Nd7 12. Qb3 Bg4 13. Qc2 Re8 14. Rfe1 Qf6 15. Be3 Nxc3 16. Qxc3 Bxf3 17. Bxf3 Nb6 18. Bg2 Nc4 19. Bd2 a5 20. Qd3 axb4 21. axb4 Qe7 22. Bc3 Rxa1 23. Rxa1 Qxe2 24. Qxe2 Rxe2 25. b5 Rc2 26. Ra8+ Kh7 27. bxc6 bxc6 28. Be1 Rc1 29. Re8 Bb4 30. Kf1 Nd6 31. Re2 Nb5 32. Bh3 Nxd4 33. Re3 g6 0-1

[Event "BRA-ch U18"]
[Site "Foz do Iguacu"]
[Date "2011.06.10"]
[Round "1.9"]
[White "Vasconcelos, Paulo Cesar da S"]
[Black "Caris, Eduardo"]
[Result "1-0"]
[WhiteElo "2093"]
[BlackElo "1740"]
[PlyCount "56"]
[EventDate "2011.06.10"]
[EventType "swiss"]
[EventRounds "6"]
[EventCountry "BRA"]
[SourceTitle "EXT 2022"]
[Source "ChessBase"]
[SourceDate "2021.10.06"]
[SourceVersion "1"]
[SourceVersionDate "2021.10.06"]
[SourceQuality "1"]

1. d4 d5 2. c4 c6 3. e3 e6 4. Nc3 Nf6 5. Bd2 Be7 6. Bd3 dxc4 7. Bxc4 b5 8. Bd3 a6 9. Nge2 c5 10. 0-0 0-0 11. Be4 Nxe4 12. Nxe4 c4 13. Qc2 Nd7 14. f3 Bb7 15. Nf2 Rc8 16. e4 Qb6 17. b4 c3 18. Bxc3 Bxb4 19. Qd2 Bxc3 20. Nxc3 Rc4 21. d5 exd5 22. Nxd5 Bxd5 23. Qxd5 Nf6 24. Qg5 Rc2 25. Rad1 h6 26. Qf5 Rfc8 27. e5 Ne8 28. Kh1 Qe6 1-0